000
00294nam a22001337a 4500
008
180921b xxu||||| |||| 00| 0 eng d
020
_a
9780385194266
041
_a
eng
080
_a
004
100
_a
28
101
_a
SHKI
245
_a
Touch Typing Made Simple
_c
Marks,L.S
942
_2
udc
_c
BK
999
_c
48214
_d
48214